| 000 | 00000nam 2200000za 4500 |
| 001 | 9.629582 |
| 003 | CaOODSP |
| 005 | 20221107134235 |
| 007 | cr ||||||||||| |
| 008 | 150407s2014 onca o f000 0 eng d |
| 020 | |a978-1-100-24428-0 |
| 040 | |aCaOODSP|beng |
| 043 | |an-cn--- |
| 086 | 1 |aJ2-196/2014E-PDF |
| 245 | 04|aThe federal child support guidelines |h[electronic resource] : |bstep-by-step. |
| 260 | |a[Ottawa] : |bDepartment of Justice Canada, |cc2014. |
| 300 | |a82 p. : |bill. |
| 500 | |aTitle from cover. |
| 500 | |aAt head of title: Serving Canadians. |
| 500 | |aIssued also in French under title: Lignes directrices fédérales sur les pensions alimentaires pour enfants : étape par étape. |
| 530 | |aIssued also in printed form. |
| 692 | 07|2gccst|aChild support |
| 710 | 1 |aCanada. |bDepartment of Justice. |
| 775 | 08|tLignes directrices fédérales sur les pensions alimentaires pour enfants |w(CaOODSP)9.677172 |
| 776 | 0#|tThe federal child support guidelines : |w(CaOODSP)9.630173 |
| 794 | |tThe federal child support guidelines : |w(CaOODSP)9.896493 |
| 856 | 40|qPDF|s617 KB|uhttps://publications.gc.ca/collections/collection_2015/jus/J2-196-2014-eng.pdf |